| Tag |
First Indicator |
Second Indicator |
Subfields |
| LEADER |
00000cam a2200000 a 4500 |
| 001 |
in00000085332 |
| 005 |
20190207093453.0 |
| 008 |
800425s1980 txuaf b 00010 engm |
| 010 |
|
|
|a 80109681
|
| 020 |
|
|
|z 087407118X :
|c $3.00
|
| 035 |
|
|
|a (OCoLC)06303443
|
| 035 |
|
|
|9 AAJ4534AM
|
| 040 |
|
|
|a DLC
|c DLC
|d TXA
|d UtOrBLW
|
| 043 |
|
|
|a n-us-tx
|
| 049 |
|
|
|a TXAS
|c [1701977]
|
| 050 |
0 |
0 |
|a F394.E4
|b M28
|
| 082 |
0 |
|
|a 976.4/96
|
| 100 |
1 |
|
|a Martínez, Oscar J.
|q (Oscar Jáquez),
|d 1943-
|
| 245 |
1 |
4 |
|a The Chicanos of El Paso :
|b an assessment of progress /
|c by Oscar J. Martinez ; [illustrations, Antonio Pina].
|
| 264 |
|
1 |
|a [El Paso] :
|b University of Texas at El Paso,
|c [1980]
|
| 264 |
|
4 |
|c ©1980
|
| 300 |
|
|
|a 45 pages, 1 unnumbered leaf of plates :
|b illustrations ;
|c 23 cm.
|
| 336 |
|
|
|a text
|b txt
|2 rdacontent
|
| 337 |
|
|
|a unmediated
|b n
|2 rdamedia
|
| 338 |
|
|
|a volume
|b nc
|2 rdacarrier
|
| 490 |
1 |
|
|a Southwestern studies ;
|v monograph no. 59
|
| 500 |
|
|
|a The Cushing Library/Chapman Texas Collection copy is part of the Floyd & Louise Chapman Texas & Borderlands Collection.
|5 TXA
|
| 504 |
|
|
|a "References": pages 41-45.
|
| 650 |
|
0 |
|a Mexican Americans
|z Texas
|z El Paso.
|
| 651 |
|
0 |
|a El Paso (Tex.)
|x Ethnic relations.
|
| 830 |
|
0 |
|a Southwestern studies (El Paso, Tex.) ;
|v monograph no. 59.
|
| 999 |
|
|
|a MARS
|
| 999 |
f |
f |
|s 719efa67-86a5-3937-8cc6-cbe06c63e18b
|i e23b58ba-5bbc-3f54-a59b-d66de36df90e
|t 0
|
| 952 |
f |
f |
|p noncirc
|a Texas A&M University
|b College Station
|c Cushing Memorial Library & Archives
|d Cushing: Chapman Texas Collection (Does not check out)
|t 0
|e F394.E4 M28
|h Library of Congress classification
|i unmediated -- volume
|m A14806065835
|
| 998 |
f |
f |
|a F394.E4 M28
|t 0
|l Cushing: Chapman Texas Collection (Does not check out)
|